History Quiz

Random History or War Quiz

Which Happened First? (US Civil War) Quiz Stats

 Plays Quiz Updated May 23, 2018

Score 0/13 Timer 05:00
3 Plays Today
A First to Occur % Correct
Battle of Antietam???
80.2%
North Carolina secedes from the Union???
77.2%
Kansas–Nebraska Act???
73.1%
'The Red Badge of Courage' published???
70.2%
Lincoln's Assassination???
68.1%
'Uncle Tom's Cabin' released???
63.5%
Lincoln signs the Emancipation Proclamation???
61.4%
The Dakota Uprising???
59.7%
Battle of Mobile Bay???
59.3%
The Peninsula Campaign???
56.7%
Ratification of all three of the 'Reconstruction Amendments'(13, 14 and 15th) completed???
51.2%
Jefferson Davis is inaugurated as President of the Confederate States of America???
40%
Robert E. Lee takes over as leader of the Confederate Army???
22.1%

You're not logged in!

Compare scores with friends on all Sporcle quizzes.
Join for Free
OR
Log In

You Might Also Like...

Show Comments

Extras

Top Quizzes Today


Score Distribution

Your Account Isn't Verified!

In order to create a playlist on Sporcle, you need to verify the email address you used during registration. Go to your Sporcle Settings to finish the process.

Report this User

Report this user for behavior that violates our Community Guidelines.

Details: